[1]: Un'innocenza selvaggia, 1740-1777 /
I tiakina i:
| Kaituhi matua: | |
|---|---|
| Ētahi atu kaituhi: | |
| Hōputu: | Pukapuka |
| Reo: | Itāriana |
| I whakaputaina: |
Torino :
Einaudi,
\1988!
|
| Rangatū: | Saggi ;
712 |
| Ngā marau: | |
| Ngā Tūtohu: |
Kāore He Tūtohu, Me noho koe te mea tuatahi ki te tūtohu i tēnei pūkete!
|
MARC
| LEADER | 00000nam a2200000 ib4500 | ||
|---|---|---|---|
| 001 | IT\ICCU\CFI\0124741 | ||
| 003 | ItRI | ||
| 005 | 20260115231855.0 | ||
| 008 | 900612s1988 it |||||| ||||| |||||c | ||
| 015 | |2 IT |a 90-5701 | ||
| 020 | |a 880660001X | ||
| 040 | |b ita |c importazione bologna sebina | ||
| 041 | 7 | |a ita |2 ISO-639-2 | |
| 082 | |a 843.6 |9 Narrativa francese. 1789-1815 |2 20 | ||
| 100 | 1 | |a Pauvert, Jean Jacques |0 IT\ICCU\CFIV\076558 |4 aut | |
| 245 | 1 | 8 | |a [1]: Un'innocenza selvaggia, |p 1740-1777 / |c Jean-Jacques Pauvert ; traduzione di Elena De Angeli. |
| 260 | |a Torino : |b Einaudi, |c \1988! | ||
| 300 | |a XIX, 344 p. ; |c 22 cm. | ||
| 650 | 7 | |a Sade, Donatien Alphonse François |2 scbi | |
| 700 | 1 | |a De Angeli, Elena |0 IT\ICCU\CFIV\076559 | |
| 773 | 0 | |w IT\ICCU\CFI\0125870 |t Sade |g [1] |a Pauvert, Jean Jacques |0 IT\ICCU\CFIV\076558 | |
| 830 | 0 | |a Saggi ; |v 712 |0 IT\ICCU\CFI\0000099 | |
| 942 | |2 ddc |c BK |n 0 | ||
| 952 | |0 0 |1 0 |4 0 |6 DOC_843_600000000000000_PAU |7 0 |9 14919 |a BO |b BO |d 2026-01-15 |i 15494 |l 0 |o DOC 843.6 PAU |p BO15494 |r 2026-01-15 23:18:55 |w 2026-01-15 |x [Sebina 5] [1 v.] |y BK |z v. 1 | ||
| 999 | |c 12852 |d 12852 | ||